Statistics for Presidential Firsts

Click here to take the quiz!

General Stats

  • This quiz has been taken 8 times
  • The average score is 9 of 21

Answer Stats

Historic FirstPresident% Correct
First Catholic presidentJohn F. Kennedy
100%
First president to die in officeWilliam Henry Harrison
100%
First president to be elected to more than two termsFranklin Delano Roosevelt
83%
First president to be impeachedAndrew Johnson
67%
First president born in the 20th centuryJohn F. Kennedy
67%
First president to appoint a black Supreme Court JusticeLyndon B. Johnson
67%
First president not from one of the original thirteen coloniesAndrew Jackson
50%
First president to lose reelectionJohn Adams
50%
First president to have not fought in the American RevolutionJohn Quincy Adams
50%
First president to appoint a female Supreme Court JusticeRonald Reagan
50%
First president subjected to term limitsDwight Eisenhower
33%
First president to appoint a female Cabinet memberFranklin Delano Roosevelt
33%
First president to issue a declaration of warJames Madison
33%
First president to be photographedJohn Quincy Adams
33%
First president to make a diplomatic trip overseasTheodore Roosevelt
33%
First president to use electricity in the White HouseBenjamin Harrison
17%
First president to have an official White House Chief of StaffHarry Truman
17%
First president to be officially known by a diminutiveJimmy Carter
17%
First president to win election while losing the popular voteJohn Quincy Adams
17%
First president to have never held prior elected officeZachary Taylor
17%
First president born west of the Mississippi RiverHerbert Hoover
0%

Score Distribution

Percentile by Number Answered

Percent of People with Each Score

Your Score History

You have not taken this quiz